Countries ruled by the Russian Empire and USSR - Statistics

General Stats
  • This quiz has been taken 152 times
  • The average score is 19 of 23
Answer Stats
Hint Answer % Correct
World Superpower China
95%
Biggest country Russia
95%
Large Asian country Kazakhstan
94%
Lapland Finland
93%
Gobi desert Mongolia
93%
Small Asian Country Kyrgyzstan
92%
Chenobyl Ukraine
92%
Next to Turkey Armenia
91%
Baltic State Estonia
91%
Baltic State Latvia
91%
Baltic State Lithuania
91%
Invaded by the Nazis Poland
91%
Small Asian Country Tajikistan
91%
US state also called this Georgia
89%
Large Asian country Uzbekistan
89%
East Europe Belarus
88%
East Europe Moldova
88%
Large Asian country Turkmenistan
88%
East Asian Dictatorship North Korea
83%
Home of the brave United States
75%
occupied by the USSR Afghanistan
69%
partly ruled by russia Turkey
48%
Former soviet republic Azerbijan
7%
No matching quizzes found
Score Distribution
Percent of People with Each Score
Percentile by Number Answered
Your Score History
You have not taken this quiz